000 00635nam a2200169Ia 4500
008 150610s9999 xx 000 0 und d
020 _a0 399530479
050 _aRC553
_b.A88S566 2004
100 _aSicile-Kira, Chantal
245 _aAutism spectrum disorders:
_bthe complete guide to understanding autism, Asperger's syndrome, pervasive developmental disorder, and other ASDs /
_cChantal Sicile-Kira.
260 _aNew York :
_bPerigee Book,
_c2004.
300 _a360pages ;
_c23 cm.
520 _aAutism
650 _aPopular works.
650 _aPopular works.
_xAsperger's syndrome
650 _aPopular works.
_xAutism in children
999 _c288011
_d288011